Sanyutt-Nikaya (Record no. 1401032)

MARC details
000 -LEADER
fixed length control field 00715nam a2200301Ia 4500
008 - FIXED-LENGTH DATA ELEMENTS--GENERAL INFORMATION
fixed length control field 161027s9999||||xx |||||||||||||| ||und||
040 ## - CATALOGING SOURCE
Transcribing agency Hindi
082 ## - DEWEY DECIMAL CLASSIFICATION NUMBER
Classification number X.A
082 ## - DEWEY DECIMAL CLASSIFICATION NUMBER
Item number BORI-23191
100 ## - MAIN ENTRY--PERSONAL NAME
Personal name Bhikshu Jagdish Kashyap
245 ## - TITLE STATEMENT
Title Sanyutt-Nikaya
245 ## - TITLE STATEMENT
Remainder of title Tripitkacarya Bhikshu Dharrahit
260 ## - PUBLICATION, DISTRIBUTION, ETC. (IMPRINT)
Place of publication, distribution, etc Banaras
260 ## - PUBLICATION, DISTRIBUTION, ETC. (IMPRINT)
Name of publisher, distributor, etc Mahabodhi Sabha
300 ## - PHYSICAL DESCRIPTION
Extent 448pp
300 ## - PHYSICAL DESCRIPTION
Other physical details 1
300 ## - PHYSICAL DESCRIPTION
Dimensions C
300 ## - PHYSICAL DESCRIPTION
Accompanying material hardbound
530 ## - ADDITIONAL PHYSICAL FORM AVAILABLE NOTE
Uniform Resource Identifier <a href="0000108025.pdf">0000108025.pdf</a>
563 ## - BINDING INFORMATION
Binding note text
600 ## - SUBJECT ADDED ENTRY--PERSONAL NAME
Personal name Bhikshu Jagdish Kashyap
630 ## - SUBJECT ADDED ENTRY--UNIFORM TITLE
Uniform title Sanyutt-Nikaya
650 ## - SUBJECT ADDED ENTRY--TOPICAL TERM
Topical term or geographic name as entry element Buddhism
650 ## - SUBJECT ADDED ENTRY--TOPICAL TERM
Topical term or geographic name as entry element buddhism & jainism
700 ## - ADDED ENTRY--PERSONAL NAME
Personal name Bhikshu Jagdish Kashyap
730 ## - ADDED ENTRY--UNIFORM TITLE
Uniform title Sanyutt-Nikaya
942 ## - ADDED ENTRY ELEMENTS (KOHA)
Koha item type Book
Holdings
Withdrawn status Lost status Damaged status Not for loan Home library Current library Date acquired Cost, normal purchase price Total Checkouts Full call number Barcode Date last seen Cost, replacement price Price effective from Koha item type
        Bhandarkar Oriental Research Institute, Pune Bhandarkar Oriental Research Institute, Pune   7.00   BORI-23191 BORI-23191 10/27/2016 7.00 10/27/2016 Book